Budúcnosť platobných služieb a vplyv gigantov na ich poskytovanie

Služby technologických gigantov sa stali súčasťou každodenného života ľudí. Ich pôsobenie z internetu sa rozširuje aj na platby a finančné služby. Dominantné postavenie, ktoré majú vo svojich technologických odvetviach, im poskytuje platformu na prirodzené rozšírenie ich platobných služieb na veľmi...

Descrizione completa

Salvato in:
Dettagli Bibliografici
Autore principale: Behúňová, Iveta
Natura: Capitolo di libro
Lingua:slovacco
Soggetti:
Tags: Aggiungi Tag
Nessun Tag, puoi essere il primo ad aggiungerne!!

MARC

LEADER 00000naa a2200000 4500
001 0253127
005 20190417121517.9
041 0 |a slo 
044 |a SK 
245 1 0 |a Budúcnosť platobných služieb a vplyv gigantov na ich poskytovanie  |c Iveta Behúňová 
520 |a Služby technologických gigantov sa stali súčasťou každodenného života ľudí. Ich pôsobenie z internetu sa rozširuje aj na platby a finančné služby. Dominantné postavenie, ktoré majú vo svojich technologických odvetviach, im poskytuje platformu na prirodzené rozšírenie ich platobných služieb na veľmi veľkú klientsku základňu. Nová európska legislatíva v oblasti platobného styku (PSD2) im, ale aj spoločnostiam FinTech a bankám otvára ďalšie možnosti na poskytovanie finančných služieb. 
610 2 0 |a technológie informačné 
610 2 0 |a technológie komunikačné 
610 2 0 |a služby finančné 
610 2 0 |a bankovníctvo 
610 2 0 |a legislatíva 
610 2 0 |a Európa 
610 2 0 |a podnikanie 
610 2 0 |a internet 
100 1 |a Behúňová, Iveta